5HLuxD.jpg

KING HENRY VIII SENIOR AND PRIMARY SCHOOL LIBRARY OPAC

HOW YOUR BODY WORKS FUELING THE BODY (Record no. 6145)

000 -LEADER
fixed length control field 00765nam a22001937a 4500
005 - DATE AND TIME OF LATEST TRANSACTION
control field 20260317133630.0
008 - FIXED-LENGTH DATA ELEMENTS--GENERAL INFORMATION
fixed length control field 260317b ||||| |||| 00| 0 eng d
020 ## - INTERNATIONAL STANDARD BOOK NUMBER
International Standard Book Number 9781499412277
040 ## - CATALOGING SOURCE
Transcribing agency KH8
082 ## - DEWEY DECIMAL CLASSIFICATION NUMBER
Classification number 612.3
100 ## - MAIN ENTRY--PERSONAL NAME
Personal name CANAVAN,THOMAS
Relator term AUTHOR
245 ## - TITLE STATEMENT
Title HOW YOUR BODY WORKS FUELING THE BODY
260 ## - PUBLICATION, DISTRIBUTION, ETC.
Place of publication, distribution, etc. 29 East 21st Street,New York,NY 10010
Name of publisher, distributor, etc. The Rosen Publishing Group,Inc
Date of publication, distribution, etc. 2016
300 ## - PHYSICAL DESCRIPTION
Extent 32 pages
Other physical details colour illustration
Dimensions 21cm x 28cm
520 ## - SUMMARY, ETC.
Summary, etc. Digesting a meal takes the body hours! The process begins in the mouth with saliva and moves to the stomach, which is full of acid that outside of the body could do some serious harm. -Library Thing-
650 ## - SUBJECT ADDED ENTRY--TOPICAL TERM
Topical term or geographic name entry element Juvenile Non Fiction
Form subdivision Human Body
655 ## - INDEX TERM--GENRE/FORM
Genre/form data or focus term Science
942 ## - ADDED ENTRY ELEMENTS (KOHA)
Source of classification or shelving scheme
Koha item type Books - Non Ficton
Holdings
Withdrawn status Lost status Source of classification or shelving scheme Damaged status Not for loan Collection code Permanent Location Current Location Shelving location Date acquired Full call number Barcode Date last seen Price effective from Koha item type Public note
          Non-Fiction KH8 Primary School Library KH8 Primary School Library Non Fiction 2026-03-17 612.3 CAN 3KHPL000002075 2026-03-17 2026-03-17 Books - Non Ficton PRIMARY LIBRARY

Powered By KH8 IT Dept